Border Hopping Bonanza Quiz Stats

 Plays Quiz Updated Feb 13, 2019

Support Sporcle.
Go Orange.
Score 0/31 Timer 04:00
14 Plays Today
% Correct
???
100%
???
98.2%
???
78.3%
???
68.8%
???
58.3%
???
51.6%
???
50.3%
???
48%
???
47.1%
???
34.3%
???
32.5%
???
26.8%
???
24.5%
???
19.8%
???
16.2%
???
15.1%
% Correct
???
14.5%
???
14.2%
???
11.8%
???
11.1%
???
10.9%
???
10.8%
???
9.7%
???
8.7%
???
7.5%
???
6.4%
???
6%
???
5.6%
???
5.5%
???
5.2%
???
5.2%

You're not logged in!

Compare scores with friends on all Sporcle quizzes.
OR
Log In
Forgot?

From the Vault

Hall of Fame - Rock and Roll or Baseball?

by caramba

It would be really awesome if someone ever makes the hall of fame for both.
Remove Ads.
Support Sporcle.
Get the best of Sporcle when you Go Orange. This ad-free experience offers more features, more stats, and more fun while also helping to support Sporcle. Thank you for becoming a member.

Show Comments

Extras

Top Quizzes Today


Score Distribution

Your Account Isn't Verified!

In order to create a playlist on Sporcle, you need to verify the email address you used during registration. Go to your Sporcle Settings to finish the process.

Report this User

Report this user for behavior that violates our Community Guidelines.

Details: